| 000 | 00516 a2200181 4500 | ||
|---|---|---|---|
| 003 | OSt | ||
| 005 | 20240228152515.0 | ||
| 008 | 240208b |||||||| |||| 00| 0 eng d | ||
| 020 | _a9788196254612 | ||
| 040 | _coclc | ||
| 082 |
_bMUH/C _a894.8124 |
||
| 100 |
_aMuhammed, Kadavanad _910430 |
||
| 245 |
_aCharithram Charithram / _cKadavanad Muhammed |
||
| 250 | _a1st ed. | ||
| 260 |
_aPonnani: _bMES Ponnani, _c2023. |
||
| 300 | _a184p. | ||
| 942 |
_2ddc _cBK _h894.8124 _iMUH/C _k894.8124 _mMUH/C |
||
| 999 |
_c44399 _d44399 |
||